एक माणूस एक दिवस (भाग-3) (Record no. 336384)

MARC details
000 -LEADER
fixed length control field 00589nam a2200169Ia 4500
008 - FIXED-LENGTH DATA ELEMENTS--GENERAL INFORMATION
fixed length control field 090711s9999 xx 000 0 und d
082 ## - DEWEY DECIMAL CLASSIFICATION NUMBER
Item number 1402
100 ## - MAIN ENTRY--PERSONAL NAME
Personal name मराठे ह. मो.
245 ## - TITLE STATEMENT
Title एक माणूस एक दिवस (भाग-3)
260 ## - PUBLICATION, DISTRIBUTION, ETC. (IMPRINT)
Name of publisher, distributor, etc औदुंबर प्रकाशन
Date of publication, distribution, etc 1999
300 ## - PHYSICAL DESCRIPTION
Extent 166
600 ## - SUBJECT ADDED ENTRY--PERSONAL NAME
Personal name मराठे ह. मो.
630 ## - SUBJECT ADDED ENTRY--UNIFORM TITLE
Uniform title एक माणूस एक दिवस (भाग-3)
700 ## - ADDED ENTRY--PERSONAL NAME
Personal name मराठे ह. मो.
730 ## - ADDED ENTRY--UNIFORM TITLE
Uniform title एक माणूस एक दिवस (भाग-3)
942 ## - ADDED ENTRY ELEMENTS (KOHA)
Koha item type Book

No items available.